"Κρητική ματιά" : σπουδή στο έργο του Νίκου Καζαντζάκη
Αποθηκεύτηκε σε:
| Κύριος συγγραφέας: | |
|---|---|
| Μορφή: | Βιβλίο |
| Γλώσσα: | Greek |
| Δημοσίευση: |
Αθήνα :
Τολίδης,
1992
|
| Θέματα: | |
| Ετικέτες: |
Προσθήκη ετικέτας
Δεν υπάρχουν, Καταχωρήστε ετικέτα πρώτοι!
|
MARC
| LEADER | 00000nam a2200000 i 4500 | ||
|---|---|---|---|
| 001 | 1/11255 | ||
| 008 | 000911s1992 gre d | ||
| 020 | |a 9607162-19-6 | ||
| 035 | |l 10063765 | ||
| 040 | |a GR-MY-UA |b gre |e aacr | ||
| 041 | 0 | |a gre | |
| 082 | 0 | |a 889.309 | |
| 100 | 1 | |a Γραμματάς, Θόδωρος Α., |d 1951- | |
| 245 | 1 | 0 | |a "Κρητική ματιά" : |b σπουδή στο έργο του Νίκου Καζαντζάκη / |c Θόδωρος Γραμματάς |
| 260 | |a Αθήνα : |b Τολίδης, |c 1992 | ||
| 300 | |a 159 σ.; |c 22 cm | ||
| 600 | 1 | 0 | |a Καζαντζάκης, Νίκος, |d 1883-1957. |
| 650 | 0 | 0 | |a Greek literature |x History and criticism. |
| 852 | |a INST |b RHODES |e 20000911 |h 889.309 ΓΡΑ |p 005400015752 |q 005400015752 |t BK |y 0 | ||
| 901 | |a BIBL4-2000-2 | ||
| 909 | |a Ρ |b 078564 | ||
| 922 | |a 4ΔΩΡ |b 200004 |c ΔΩΡΕΑ | ||
| 970 | |z 2000/09/ΧΡΥΣΑΝΘΗ | ||